000
00324 a2200145 4500
001
152746
040
_c
Escola São Tomás de Aquino
100
_a
RIBEIRO, Jonas
240
1
0
_a
Circo faz de conta
_l
por
245
1
0
_a
Circo faz de conta
362
0
_a
2016
440
1
_a
Editora do Brasil
697
_a
Poesia
942
_c
BK
999
_c
152746
_d
152746